US State by Cities (More Difficult) #2 - Statistics

General Stats
  • This quiz has been taken 575 times
  • The average score is 15 of 25
Answer Stats
Cities State % Correct
Sarasota, Boca Raton, Panama City Florida
94%
Mount Mitchell, Durham, Winston-Salem North Carolina
89%
Lubbock, Nacogdoches, Sugar Land Texas
89%
Eureka, Calabasas, Thousand Oaks California
80%
Selma, Troy, Sylacauga Alabama
77%
Tanana, Valdez, North Pole Alaska
76%
Bozeman, Glasgow, Cut Bank Montana
75%
Terre Haute, Muncie, Kokomo Indiana
73%
Woonsocket, West Warwick, Narragansett Rhode Island
72%
Sheboygan, Verona, Appleton Wisconsin
71%
Kennebunkport, Bath, Presque Isle Maine
69%
Holland, Livonia, Mackinaw City Michigan
68%
Bayonne, Hackensack, Montclair New Jersey
67%
Centralia, Bethlehem, Latrobe Pennsylvania
66%
Buckeye, Tombstone, Bisbee Arizona
64%
Roswell, Rome, Valdosta Georgia
61%
Rawlins, Lander, Gillette Wyoming
47%
Florence, Cannon Beach, Coos Bay Oregon
42%
Ashland, Murray, Berea Kentucky
36%
Mustang Ranch, Pioche, Lovelock Nevada
35%
Barre, Colchester, Woodstock Vermont
33%
Beckley, Welch, Elkins West Virginia
30%
Beaufort, Murrells Inlet, Indian Land South Carolina
28%
Laconia, Lebanon, Seabrook New Hampshire
23%
Alliance, York, Lexington Nebraska
11%
No matching quizzes found
Score Distribution
Percent of People with Each Score
Percentile by Number Answered
Your Score History
You have not taken this quiz